SALINA / (Record no. 186482)
[ view plain ]
| 000 -LEADER | |
|---|---|
| fixed length control field | 01440aam a2200421 i 4500 |
| 001 - CONTROL NUMBER | |
| control field | vtls000898224 |
| 003 - CONTROL NUMBER IDENTIFIER | |
| control field | PNM |
| 005 - DATE AND TIME OF LATEST TRANSACTION | |
| control field | 20211213115830.0 |
| 008 - FIXED-LENGTH DATA ELEMENTS--GENERAL INFORMATION | |
| fixed length control field | 200221s2020 my e 000 f may |
| 015 ## - NATIONAL BIBLIOGRAPHY NUMBER | |
| National bibliography number | M20-02481 |
| 020 ## - INTERNATIONAL STANDARD BOOK NUMBER | |
| International Standard Book Number | 9789671700440 |
| Qualifying information | paperback |
| Terms of availability | RM45.00 |
| 039 #9 - LEVEL OF BIBLIOGRAPHIC CONTROL AND CODING DETAIL [OBSOLETE] | |
| Level of rules in bibliographic description | 202111161447 |
| Level of effort used to assign nonsubject heading access points | azeantie |
| Level of effort used to assign subject headings | 202111080929 |
| Level of effort used to assign classification | nadia_a |
| Level of effort used to assign subject headings | 202005081016 |
| Level of effort used to assign classification | siti |
| 040 ## - CATALOGING SOURCE | |
| Original cataloging agency | BNM |
| Language of cataloging | eng |
| Transcribing agency | BNM |
| Modifying agency | PNM |
| -- | PPAK |
| Description conventions | rda |
| 049 ## - LOCAL HOLDINGS (OCLC) | |
| Holding library | klpmal |
| 082 04 - DEWEY DECIMAL CLASSIFICATION NUMBER | |
| Classification number | 899.2333 |
| Edition number | 23 |
| 090 00 - LOCALLY ASSIGNED LC-TYPE CALL NUMBER (OCLC); LOCAL CALL NUMBER (RLIN) | |
| Classification number (OCLC) (R) ; Classification number, CALL (RLIN) (NR) | 899.2333 |
| Feature heading | ASA |
| Feature heading | G |
| 100 0# - MAIN ENTRY--PERSONAL NAME | |
| Personal name | A. Samad Said, |
| Fuller form of name | (Abdul Samad Said), |
| Titles and words associated with a name | Dato', |
| Dates associated with a name | 1935- |
| Relator term | author. |
| 245 10 - TITLE STATEMENT | |
| Title | SALINA / |
| Statement of responsibility, etc. | a. samad said ; Editor Zalila Isa |
| 250 ## - EDITION STATEMENT | |
| Edition statement | Cetakan Pertama Edisi Kenangan 60 Tahun 2020 |
| 264 #1 - PRODUCTION, PUBLICATION, DISTRIBUTION, MANUFACTURE, AND COPYRIGHT NOTICE | |
| Place of production, publication, distribution, manufacture | Semenyih, Selangor : |
| Name of producer, publisher, distributor, manufacturer | NUHA CREATIVE RESOURCES, |
| Date of production, publication, distribution, manufacture, or copyright notice | 2020 |
| 300 ## - PHYSICAL DESCRIPTION | |
| Extent | 454 pages ; |
| Dimensions | 23 cm. |
| 336 ## - CONTENT TYPE | |
| Content type term | text |
| Source | rdacontent |
| 337 ## - MEDIA TYPE | |
| Media type term | unmediated |
| Source | rdamedia |
| 338 ## - CARRIER TYPE | |
| Carrier type term | volume |
| Source | rdacarrier |
| 490 1# - SERIES STATEMENT | |
| Series statement | SIRI APRESIASI SASTERAWAN NEGARA |
| 650 10 - SUBJECT ADDED ENTRY--TOPICAL TERM | |
| Topical term or geographic name entry element | Malay fiction |
| Topical term or geographic name entry element | Malaysian fiction (Malay) |
| 700 0# - ADDED ENTRY--PERSONAL NAME | |
| Personal name | Zalila Isa, |
| Relator term | editor. |
| 830 #0 - SERIES ADDED ENTRY--UNIFORM TITLE | |
| Uniform title | Siri apresiasi sasterawan negara |
| 942 ## - ADDED ENTRY ELEMENTS (KOHA) | |
| Source of classification or shelving scheme | Dewey Decimal Classification |
| Koha item type | Book |
| 949 ## - LOCAL PROCESSING INFORMATION (OCLC) | |
| 6 | 2000712233 |
| a | 899.2333 ASS M |
| 6 | 2000712232 |
| a | 899.2333 ASS M |
| 6 | 2000712216 |
| a | 899.2333 ASS M |
| 6 | 1001441004 |
| e | 2745842 |
| s | 3712:20211108 |
| 6 | 1001441002 |
| e | 2745844 |
| s | 3712:20211108 |
| 6 | 1001441001 |
| e | 2745845 |
| s | 3712:20211108 |
| 6 | 1001441003 |
| e | 2745843 |
| s | 3712:20211108 |
| Withdrawn | Not for loan | Current library | Shelving location | Date acquired | Total Checkouts | Total Renewals | Full call number | Barcode | Date last seen | Date last checked out | Koha item type |
|---|---|---|---|---|---|---|---|---|---|---|---|
| Perpustakaan Alor Setar | Pinjaman Dewasa | 16/01/2022 | 11 | 1 | 899.2333 ASA | A01717844 | 08/11/2025 | 26/10/2025 | Book | ||
| Perpustakaan Awam Sungai Petani | Pinjaman Dewasa | 16/01/2022 | 12 | 5 | 899.2333 ASA | A01717845 | 09/11/2025 | 29/09/2025 | Book | ||
| Perpustakaan Baling | Pinjaman Dewasa | 16/01/2022 | 2 | 1 | 899.2333 ASA | A01717848 | 20/01/2025 | 23/12/2024 | Book | ||
| Perpustakaan Jitra | Pinjaman Dewasa | 16/01/2022 | 3 | 899.2333 ASA | A01717846 | 06/09/2025 | 20/08/2025 | Book | |||
| Perpustakaan Kulim | Pinjaman Dewasa | 16/01/2022 | 4 | 2 | 899.2333 ASA | A01717847 | 23/04/2025 | 13/11/2024 | Book | ||
| Perpustakaan Merbok | Pinjaman Dewasa | 16/01/2022 | 899.2333 ASA | A01717849 | 16/01/2022 | Book |